000 00356nam a2200121Ia 4500
008 230907s9999||||xx |||||||||||||| ||und||
082 _a968.06092
_bPRI
100 _aMandela, Nelson,
_99193
245 4 _aThe prison letters of Nelson Mandela /
300 _axv, 620 pages, 8 unnumbered pages of plates :
650 _aCorrespondence.
_9116114
942 _cBK
999 _c601090
_d601090